[Event "EYCC 2017"]
[Site "Mamaia"]
[Date "2017.09.06"]
[Round "2"]
[White "Koubova, Anna Marie"]
[Black "Bulatova, Kamaliya"]
[Result "0-1"]
[WhiteElo "1805"]
[BlackElo "2014"]
[Annotator "NA"]
[PlyCount "74"]
[EventDate "2017.??.??"]
[EventType "swiss"]
[EventCountry "ROU"]
[SourceTitle "playchess.com"]
[Source "ChessBase"]
[SourceQuality "1"]
[TimeControl "40/5400+30:1800+30"]

1. d4 {[%emt 0:00:00]} Nf6 {[%emt 0:00:04]} 2. c4 {[%emt 0:00:00]} g6 {[%emt 0:00:03]} 3. g3 {[%emt 0:00:00]} Bg7 {[%emt 0:00:04]} 4. Bg2 {[%emt 0:00:00]} O-O {[%emt 0:00:12]} 5. Nc3 {[%emt 0:00:06]} d6 {[%emt 0:00:07]} 6. Nf3 {[%emt 0:00:09]} Nbd7 {[%emt 0:00:12]} 7. O-O {[%emt 0:00:13]} e5 {[%emt 0:00:04]} 8. e4 {[%emt 0:00:16]} a6 {[%emt 0:00:16]} 9. h3 {[%emt 0:00:28]} exd4 {[%emt 0:00:16]} 10. Nxd4 {[%emt 0:00:10]} Re8 {[%emt 0:01:16]} 11. Re1 {[%emt 0:00:29]} Rb8 {[%emt 0:01:41]} 12. Be3 {[%emt 0:01:06]} Ne5 {[%emt 0:03:25]} 13. b3 {[%emt 0:00:29]} c5 {[%emt 0:01:59]} 14. Nde2 {[%emt 0:00:20]} b5 {[%emt 0:09:10]} 15. f4 {[%emt 0:01:35]} Ned7 {[%emt 0:00:26]} 16. Qxd6 {[%emt 0:00:42]} b4 {[%emt 0:00:28]} 17. e5 {[%emt 0:00:41]} bxc3 {[%emt 0:04:22]} 18. Nxc3 {[%emt 0:01:49]} Bf8 {[%emt 0:04:41]} 19. Qd2 {[%emt 0:01:42]} Nh5 {[%emt 0:00:18]} 20. g4 {[%emt 0:00:36]} Ng7 {[%emt 0:00:21]} 21. Rad1 {[%emt 0:01:28]} Qc7 {[%emt 0:09:49]} 22. Nd5 {[%emt 0:25:17]} Qa7 {[%emt 0:00:11]} 23. f5 {[%emt 0:26:03]} Bb7 {[%emt 0:19:44]} 24. Bh6 {[%emt 0:06:47]} Bxd5 {[%emt 0:07:01]} 25. Bxd5 {[%emt 0:10:28]} Nxe5 {[%emt 0:09:32]} 26. f6 {[%emt 0:01:35]} Rbd8 {[%emt 0:08:17]} 27. fxg7 {[%emt 0:01:55]} Bxg7 {[%emt 0:04:21]} 28. Bxg7 {[%emt 0:00:07]} Kxg7 {[%emt 0:00:01]} 29. Qc3 {[%emt 0:02:43]} f6 {[%emt 0:04:57]} 30. g5 {[%emt 0:01:10]} Qe7 {[%emt 0:01:20]} 31. Rf1 {[%emt 0:01:48]} f5 {[%emt 0:03:23]} 32. h4 {[%emt 0:02:16]} h6 {[%emt 0:00:33]} 33. Rde1 {[%emt 0:00:59]} hxg5 {[%emt 0:00:14]} 34. Bc6 {[%emt 0:00:18]} Rd3 {[%emt 0:01:57]} 35. Qb2 {[%emt 0:01:14]} gxh4 {[%emt 0:01:17]} 36. Bxe8 {[%emt 0:02:30]} Qg5+ {[%emt 0:00:01]} 37. Kh2 {[%emt 0:00:13]} Rd2+ {[%emt 0:00:07]} 0-1

[Event "EYCC 2017"]
[Site "Mamaia"]
[Date "2017.09.06"]
[Round "2"]
[White "Rzali, Sabina"]
[Black "Srdanovic, Jovana"]
[Result "1/2-1/2"]
[WhiteElo "1792"]
[BlackElo "1994"]
[Annotator "NA"]
[PlyCount "79"]
[EventDate "2017.??.??"]
[EventType "swiss"]
[EventCountry "ROU"]
[SourceTitle "playchess.com"]
[Source "ChessBase"]
[SourceQuality "1"]
[TimeControl "40/5400+30:1800+30"]

1. e4 {[%emt 0:00:00]} c5 {[%emt 0:00:10]} 2. Nf3 {[%emt 0:00:00]} e6 {[%emt 0:00:38]} 3. d4 {[%emt 0:00:00]} cxd4 {[%emt 0:00:24]} 4. Nxd4 {[%emt 0:00:09]} a6 {[%emt 0:00:51]} 5. Be3 {[%emt 0:00:49]} Be7 {[%emt 0:00:57]} 6. Nc3 {[%emt 0:00:43]} d6 {[%emt 0:02:32]} 7. Be2 {[%emt 0:00:22]} Nf6 {[%emt 0:01:39]} 8. O-O {[%emt 0:00:45]} Qc7 {[%emt 0:03:11]} 9. Rb1 {[%emt 0:03:51]} O-O {[%emt 0:02:02]} 10. f4 {[%emt 0:03:39]} Nc6 {[%emt 0:07:24]} 11. Bf3 {[%emt 0:04:30]} Bd7 {[%emt 0:03:51]} 12. Kh1 {[%emt 0:05:00]} Rfc8 {[%emt 0:02:03]} 13. Nxc6 {[%emt 0:06:49]} Bxc6 {[%emt 0:00:36]} 14. Bd4 {[%emt 0:00:44]} e5 {[%emt 0:07:54]} 15. Be3 {[%emt 0:02:15]} b5 {[%emt 0:01:51]} 16. a3 {[%emt 0:22:22]} Qb7 {[%emt 0:01:06]} 17. Qd3 {[%emt 0:01:17]} a5 {[%emt 0:02:24]} 18. Nd5 {[%emt 0:02:40]} Bxd5 {[%emt 0:07:19]} 19. exd5 {[%emt 0:01:48]} exf4 {[%emt 0:00:57]} 20. Bxf4 {[%emt 0:00:24]} Rc4 {[%emt 0:00:24]} 21. Be3 {[%emt 0:04:19]} Rac8 {[%emt 0:01:46]} 22. c3 {[%emt 0:02:11]} Bd8 {[%emt 0:07:12]} 23. Rbd1 {[%emt 0:09:36]} b4 {[%emt 0:15:28]} 24. cxb4 {[%emt 0:06:15]} axb4 {[%emt 0:00:10]} 25. Qb3 {[%emt 0:02:01]} Nd7 {[%emt 0:09:12]} 26. Be2 {[%emt 0:01:27]} Rh4 {[%emt 0:02:22]} 27. Rf4 {[%emt 0:06:01]} Rb8 {[%emt 0:01:50]} 28. Qxb4 {[%emt 0:06:05]} Qxb4 {[%emt 0:00:24]} 29. axb4 {[%emt 0:01:00]} Rxb4 {[%emt 0:00:17]} 30. Rxh4 {[%emt 0:00:52]} Bxh4 {[%emt 0:00:21]} 31. Bd4 {[%emt 0:01:00]} Bf6 {[%emt 0:00:29]} 32. Bxf6 {[%emt 0:01:01]} Nxf6 {[%emt 0:00:06]} 33. Rd2 {[%emt 0:00:24]} Ne4 {[%emt 0:00:11]} 34. Rc2 {[%emt 0:00:17]} Nc5 {[%emt 0:00:15]} 35. Bc4 {[%emt 0:00:59]} g6 {[%emt 0:02:32]} 36. Kg1 {[%emt 0:02:57]} Ne4 {[%emt 0:00:43]} 37. Bd3 {[%emt 0:02:09]} Nf6 {[%emt 0:03:39]} 38. Bc4 {[%emt 0:00:42]} Ng4 {[%emt 0:00:07]} 39. b3 {[%emt 0:00:59]} Ne3 {[%emt 0:01:30]} 40. Rc3 {[%emt 0:00:00]} 1/2-1/2

[Event "EYCC 2017"]
[Site "Mamaia"]
[Date "2017.09.06"]
[Round "2"]
[White "Ciolacu, Alessia-Mihaela"]
[Black "Jarocka, Liwia"]
[Result "1-0"]
[WhiteElo "1787"]
[BlackElo "1970"]
[Annotator "NA"]
[PlyCount "91"]
[EventDate "2017.??.??"]
[EventType "swiss"]
[EventCountry "ROU"]
[SourceTitle "playchess.com"]
[Source "ChessBase"]
[SourceQuality "1"]
[TimeControl "40/5400+30:1800+30"]

1. d4 {[%emt 0:00:00]} Nf6 {[%emt 0:00:08]} 2. c4 {[%emt 0:00:00]} g6 {[%emt 0:00:10]} 3. Nc3 {[%emt 0:00:03]} Bg7 {[%emt 0:00:11]} 4. e4 {[%emt 0:00:11]} d6 {[%emt 0:00:13]} 5. Be2 {[%emt 0:00:24]} O-O {[%emt 0:00:47]} 6. Be3 {[%emt 0:00:18]} c6 {[%emt 0:00:32]} 7. g4 {[%emt 0:00:54]} d5 $14 {[%emt 0:01:03]} (7... c5 $5) 8. cxd5 {[%emt 0:01:15]} cxd5 {[%emt 0:00:41]} 9. e5 {[%emt 0:00:26]} Ne4 {[%emt 0:07:52]} 10. h4 {[%emt 0:05:01]} Nxc3 {[%emt 0:12:03]} 11. bxc3 {[%emt 0:00:07]} f6 {[%emt 0:00:18]} 12. f4 {[%emt 0:12:07]} Nc6 {[%emt 0:04:10]} 13. h5 {[%emt 0:12:30]} Rf7 {[%emt 0:22:20]} 14. hxg6 {[%emt 0:06:12]} hxg6 {[%emt 0:00:01]} 15. Bd3 {[%emt 0:00:47]} f5 {[%emt 0:01:14]} 16. Nf3 {[%emt 0:02:01]} e6 {[%emt 0:03:17]} 17. Ng5 {[%emt 0:04:22]} Rc7 {[%emt 0:00:47]} 18. Qe2 {[%emt 0:03:00]} Ne7 {[%emt 0:02:02]} 19. Bd2 {[%emt 0:03:08]} Kf8 {[%emt 0:03:43]} 20. Nh7+ {[%emt 0:03:56]} Kf7 {[%emt 0:00:35]} 21. Qh2 {[%emt 0:01:53]} Ng8 {[%emt 0:00:37]} 22. Ng5+ {[%emt 0:11:09]} Kf8 {[%emt 0:00:29]} 23. Qh4 {[%emt 0:00:36]} Qe7 {[%emt 0:03:26]} 24. Qh7 {[%emt 0:01:30]} Qe8 {[%emt 0:02:15]} 25. c4 {[%emt 0:02:33]} a5 {[%emt 0:08:33]} 26. Bc1 {[%emt 0:00:55]} b5 {[%emt 0:09:39]} 27. cxb5 {[%emt 0:01:39]} Rc3 {[%emt 0:00:58]} 28. Kd2 {[%emt 0:00:48]} Rxd3+ {[%emt 0:01:22]} 29. Kxd3 {[%emt 0:00:08]} Qxb5+ {[%emt 0:00:12]} 30. Ke3 {[%emt 0:00:30]} Qb4 {[%emt 0:00:49]} 31. Bd2 {[%emt 0:01:21]} Qa3+ {[%emt 0:00:16]} 32. Kf2 {[%emt 0:00:17]} Qb2 {[%emt 0:01:59]} 33. Rad1 {[%emt 0:03:46]} Ne7 {[%emt 0:01:20]} 34. gxf5 {[%emt 0:04:00]} exf5 {[%emt 0:01:46]} 35. Qh3 {[%emt 0:01:18]} Qxd4+ {[%emt 0:01:25]} 36. Qe3 {[%emt 0:01:20]} Qc4 {[%emt 0:00:57]} 37. Rc1 {[%emt 0:03:00]} Qxa2 {[%emt 0:00:52]} 38. Rc7 {[%emt 0:00:42]} Qb2 {[%emt 0:01:35]} 39. Nh7+ {[%emt 0:07:13]} Ke8 {[%emt 0:01:57]} 40. Nf6+ {[%emt 0:00:00]} Kf8 {[%emt 0:01:22]} 41. Rb1 {[%emt 0:12:49]} Qa2 {[%emt 0:11:00]} 42. Rxe7 {[%emt 0:02:45]} Kxe7 {[%emt 0:09:00]} 43. Qc5+ {[%emt 0:00:08]} Kf7 {[%emt 0:02:40]} 44. Qc7+ {[%emt 0:00:13]} Kf8 {[%emt 0:00:26]} 45. Qd8+ {[%emt 0:00:06]} Kf7 {[%emt 0:00:15]} 46. Qe8# {[%emt 0:00:06]} 1-0

[Event "EYCC 2017"]
[Site "Mamaia"]
[Date "2017.09.06"]
[Round "2"]
[White "Dubovyk, Anastasiia"]
[Black "Cherepanova, Evita"]
[Result "1-0"]
[WhiteElo "1785"]
[BlackElo "1629"]
[Annotator "NA"]
[PlyCount "149"]
[EventDate "2017.??.??"]
[EventType "swiss"]
[EventCountry "ROU"]
[SourceTitle "playchess.com"]
[Source "ChessBase"]
[SourceQuality "1"]
[TimeControl "40/5400+30:1800+30"]

1. e4 {[%emt 0:00:00]} e6 {[%emt 0:00:03]} 2. d4 {[%emt 0:00:00]} d5 {[%emt 0:00:04]} 3. e5 {[%emt 0:00:00]} c5 {[%emt 0:00:05]} 4. c3 {[%emt 0:00:00]} Nc6 {[%emt 0:00:06]} 5. Nf3 {[%emt 0:00:01]} Bd7 {[%emt 0:00:03]} 6. a3 {[%emt 0:00:26]} c4 {[%emt 0:00:03]} 7. Nbd2 {[%emt 0:04:11]} Na5 {[%emt 0:01:01]} 8. Be2 {[%emt 0:15:04]} Ne7 {[%emt 0:00:32]} 9. O-O {[%emt 0:01:35]} Nc8 {[%emt 0:01:33]} 10. Qe1 {[%emt 0:11:06]} Nb6 {[%emt 0:02:47]} 11. Bd1 {[%emt 0:02:36]} Qc7 {[%emt 0:01:27]} 12. Kh1 {[%emt 0:03:54]} O-O-O {[%emt 0:00:35]} 13. Bc2 {[%emt 0:10:58]} h6 {[%emt 0:03:27]} 14. Ng1 {[%emt 0:04:28]} f5 {[%emt 0:02:04]} 15. g3 {[%emt 0:11:58]} g5 {[%emt 0:01:14]} 16. Kg2 {[%emt 0:03:03]} Be8 {[%emt 0:01:26]} 17. Ne2 {[%emt 0:05:07]} Bh5 {[%emt 0:02:47]} 18. Rh1 {[%emt 0:04:51]} Qf7 {[%emt 0:03:35]} 19. b4 {[%emt 0:10:03]} cxb3 {[%emt 0:01:06]} 20. Nxb3 {[%emt 0:00:55]} Nac4 {[%emt 0:00:20]} 21. a4 {[%emt 0:02:58]} f4 {[%emt 0:04:37]} 22. Ng1 {[%emt 0:04:53]} Bg6 {[%emt 0:06:13]} 23. Qd1 {[%emt 0:01:20]} Be7 {[%emt 0:03:53]} 24. a5 {[%emt 0:00:28]} Nd7 {[%emt 0:00:19]} 25. Nd2 {[%emt 0:00:47]} fxg3 {[%emt 0:01:53]} 26. hxg3 {[%emt 0:01:04]} Rdf8 {[%emt 0:00:45]} 27. Nh3 {[%emt 0:00:51]} Bh5 {[%emt 0:02:11]} 28. g4 {[%emt 0:00:33]} Bg6 {[%emt 0:00:43]} 29. Bxg6 {[%emt 0:00:26]} Qxg6 {[%emt 0:00:08]} 30. Nxc4 {[%emt 0:00:14]} dxc4 {[%emt 0:01:35]} 31. Qe2 {[%emt 0:00:17]} Kb8 {[%emt 0:00:55]} 32. Ba3 {[%emt 0:00:31]} Bxa3 {[%emt 0:00:22]} 33. Rxa3 {[%emt 0:00:06]} h5 {[%emt 0:03:07]} 34. f3 {[%emt 0:01:01]} hxg4 {[%emt 0:00:44]} 35. fxg4 {[%emt 0:00:07]} Rh4 {[%emt 0:00:37]} 36. Raa1 {[%emt 0:01:12]} Rc8 {[%emt 0:13:08]} 37. Rad1 {[%emt 0:00:39]} Nf8 {[%emt 0:01:29]} 38. Rd2 {[%emt 0:00:30]} Qh6 {[%emt 0:02:43]} 39. Rb2 {[%emt 0:00:38]} Ng6 {[%emt 0:00:36]} 40. Qf3 {[%emt 0:00:00]} Rc7 {[%emt 0:03:52]} 41. Kg1 {[%emt 0:18:23]} Rh7 {[%emt 0:01:22]} 42. a6 {[%emt 0:09:05]} b6 {[%emt 0:01:05]} 43. Nf2 {[%emt 0:03:09]} Nf4 {[%emt 0:05:05]} 44. Qc6 {[%emt 0:00:57]} Rxh1+ {[%emt 0:03:28]} 45. Qxh1 {[%emt 0:01:26]} Qxh1+ {[%emt 0:00:13]} 46. Nxh1 {[%emt 0:00:06]} Nd5 {[%emt 0:00:28]} 47. Rf2 {[%emt 0:00:52]} Nxc3 {[%emt 0:00:58]} 48. Rf8+ {[%emt 0:00:26]} Kc7 {[%emt 0:00:18]} 49. Ra8 {[%emt 0:00:36]} Kc6 {[%emt 0:00:06]} 50. Nf2 {[%emt 0:00:34]} Ne2+ {[%emt 0:02:32]} 51. Kf1 {[%emt 0:00:22]} Nxd4 {[%emt 0:00:39]} 52. Ne4 {[%emt 0:00:26]} Kd5 {[%emt 0:00:53]} 53. Nf6+ {[%emt 0:00:25]} Kxe5 {[%emt 0:00:14]} 54. Nxh7 {[%emt 0:00:06]} Nc6 {[%emt 0:02:28]} 55. Nxg5 {[%emt 0:00:57]} b5 {[%emt 0:02:44]} 56. Rc8 {[%emt 0:00:31]} Kd5 {[%emt 0:00:58]} 57. Nf3 {[%emt 0:00:32]} b4 {[%emt 0:00:13]} 58. Ke2 {[%emt 0:00:32]} c3 {[%emt 0:00:39]} 59. Kd3 {[%emt 0:00:21]} e5 {[%emt 0:02:16]} 60. Re8 {[%emt 0:00:22]} e4+ {[%emt 0:02:08]} 61. Rxe4 {[%emt 0:00:13]} c2 {[%emt 0:02:04]} 62. Re1 {[%emt 0:00:36]} b3 {[%emt 0:06:12]} 63. Kc3 {[%emt 0:00:36]} Nb4 {[%emt 0:04:29]} 64. Kxb3 {[%emt 0:00:41]} Nd3 {[%emt 0:00:26]} 65. Kxc2 {[%emt 0:00:21]} Nb4+ {[%emt 0:00:55]} 66. Kc3 {[%emt 0:00:27]} Nxa6 {[%emt 0:00:05]} 67. g5 {[%emt 0:00:24]} Nc7 {[%emt 0:00:12]} 68. g6 {[%emt 0:00:13]} Ne6 {[%emt 0:00:30]} 69. Ng5 {[%emt 0:01:05]} Ng7 {[%emt 0:01:06]} 70. Re7 {[%emt 0:00:26]} Nf5 {[%emt 0:00:12]} 71. Rf7 {[%emt 0:00:11]} Nh6 {[%emt 0:00:18]} 72. g7 {[%emt 0:00:12]} a5 {[%emt 0:00:42]} 73. Rf6 {[%emt 0:00:48]} Ng8 {[%emt 0:00:17]} 74. Rf8 {[%emt 0:00:15]} Nh6 {[%emt 0:00:21]} 75. Rh8 {[%emt 0:00:21]} 1-0

[Event "EYCC 2017"]
[Site "Mamaia"]
[Date "2017.09.06"]
[Round "2"]
[White "Karavitaki, Evaggelia"]
[Black "Can, Isil"]
[Result "0-1"]
[WhiteElo "1703"]
[BlackElo "1945"]
[Annotator "NA"]
[PlyCount "78"]
[EventDate "2017.??.??"]
[EventType "swiss"]
[EventCountry "ROU"]
[SourceTitle "playchess.com"]
[Source "ChessBase"]
[SourceQuality "1"]
[TimeControl "40/5400+30:1800+30"]

1. e4 {[%emt 0:00:00]} e5 {[%emt 0:00:17]} 2. Nf3 {[%emt 0:00:00]} Nc6 {[%emt 0:00:06]} 3. d4 {[%emt 0:00:00]} exd4 {[%emt 0:00:05]} 4. Bc4 {[%emt 0:00:00]} Nf6 {[%emt 0:00:09]} 5. e5 {[%emt 0:00:02]} d5 {[%emt 0:00:17]} 6. Bb5 {[%emt 0:00:06]} Ne4 {[%emt 0:00:08]} 7. Nxd4 {[%emt 0:00:13]} Bd7 {[%emt 0:00:26]} 8. Bxc6 {[%emt 0:00:07]} bxc6 {[%emt 0:00:07]} 9. O-O {[%emt 0:00:22]} Bc5 {[%emt 0:00:10]} 10. Be3 {[%emt 0:00:12]} Bb6 {[%emt 0:00:10]} 11. f3 {[%emt 0:03:42]} Ng5 {[%emt 0:00:50]} 12. f4 {[%emt 0:00:50]} Ne4 {[%emt 0:00:56]} 13. Nd2 {[%emt 0:01:48]} c5 {[%emt 0:00:29]} 14. N4b3 {[%emt 0:03:57]} Nxd2 {[%emt 0:02:06]} 15. Qxd2 {[%emt 0:00:29]} d4 {[%emt 0:00:15]} 16. Bf2 {[%emt 0:00:46]} Bc6 {[%emt 0:03:06]} 17. Kh1 {[%emt 0:19:02]} Qd5 {[%emt 0:05:29]} 18. Bg1 {[%emt 0:01:53]} O-O-O {[%emt 0:15:45]} 19. a4 {[%emt 0:04:48]} a5 {[%emt 0:06:59]} 20. Rf3 {[%emt 0:17:36]} c4 {[%emt 0:07:06]} 21. Nc1 {[%emt 0:01:57]} Qxf3 {[%emt 0:00:25]} 22. gxf3 {[%emt 0:00:11]} Bxf3+ {[%emt 0:00:04]} 23. Qg2 {[%emt 0:00:12]} Bxg2+ {[%emt 0:00:01]} 24. Kxg2 {[%emt 0:00:10]} d3 {[%emt 0:01:27]} 25. cxd3 {[%emt 0:00:33]} cxd3 {[%emt 0:00:18]} 26. Nb3 {[%emt 0:00:16]} d2 {[%emt 0:00:23]} 27. Rd1 {[%emt 0:00:12]} Bxg1 {[%emt 0:01:51]} 28. Kxg1 {[%emt 0:00:09]} Rd5 {[%emt 0:02:36]} 29. Rxd2 {[%emt 0:00:15]} Rxd2 {[%emt 0:00:15]} 30. Nxd2 {[%emt 0:00:05]} Rd8 {[%emt 0:00:05]} 31. Nc4 {[%emt 0:00:26]} Rd4 {[%emt 0:00:33]} 32. b3 {[%emt 0:00:54]} Rxf4 {[%emt 0:00:17]} 33. Nxa5 {[%emt 0:00:15]} Rf3 {[%emt 0:02:47]} 34. Kg2 {[%emt 0:01:28]} Re3 {[%emt 0:00:05]} 35. b4 {[%emt 0:00:39]} Ra3 {[%emt 0:00:37]} 36. b5 {[%emt 0:01:26]} Rxa4 {[%emt 0:00:10]} 37. Nc6 {[%emt 0:00:07]} Ra2+ {[%emt 0:00:31]} 38. Kg3 {[%emt 0:00:09]} Rb2 {[%emt 0:00:16]} 39. Nd4 {[%emt 0:00:13]} Rb4 {[%emt 0:01:41]} 0-1

[Event "EYCC 2017"]
[Site "Mamaia"]
[Date "2017.09.06"]
[Round "2"]
[White "Vetokhin, Savva"]
[Black "Yalcinkaya, Efe"]
[Result "1-0"]
[WhiteElo "1703"]
[BlackElo "1230"]
[Annotator "NA"]
[PlyCount "103"]
[EventDate "2017.??.??"]
[EventType "swiss"]
[EventCountry "ROU"]
[SourceTitle "playchess.com"]
[Source "ChessBase"]
[SourceQuality "1"]
[TimeControl "40/5400+30:1800+30"]

1. d4 {[%emt 0:00:00]} d5 {[%emt 0:00:17]} 2. Bf4 {[%emt 0:00:00]} Nf6 {[%emt 0:00:35]} 3. e3 {[%emt 0:00:03]} e6 {[%emt 0:01:26]} 4. Bd3 {[%emt 0:00:35]} c5 {[%emt 0:03:05]} 5. c3 {[%emt 0:00:10]} Nc6 {[%emt 0:01:25]} 6. Nd2 {[%emt 0:00:43]} Be7 {[%emt 0:02:19]} 7. h3 {[%emt 0:01:14]} O-O {[%emt 0:02:36]} 8. Ngf3 {[%emt 0:00:54]} c4 {[%emt 0:06:27]} 9. Bc2 {[%emt 0:00:23]} b5 {[%emt 0:01:06]} 10. O-O {[%emt 0:01:09]} Bb7 {[%emt 0:12:12]} 11. Ne5 {[%emt 0:01:47]} a5 {[%emt 0:03:24]} 12. Ndf3 {[%emt 0:03:16]} Nxe5 {[%emt 0:10:59]} 13. dxe5 {[%emt 0:01:03]} Ne4 {[%emt 0:01:19]} 14. Nd2 {[%emt 0:07:48]} Nxd2 {[%emt 0:04:23]} 15. Qxd2 {[%emt 0:00:09]} Qb6 {[%emt 0:08:06]} 16. Qe2 {[%emt 0:04:24]} f6 {[%emt 0:05:07]} 17. exf6 {[%emt 0:02:56]} Bxf6 {[%emt 0:03:04]} 18. Qh5 {[%emt 0:00:37]} g6 {[%emt 0:01:08]} 19. Qg4 {[%emt 0:00:56]} Bg7 {[%emt 0:05:46]} 20. Qg5 {[%emt 0:08:10]} Rae8 {[%emt 0:06:14]} 21. Be5 {[%emt 0:01:01]} Bxe5 {[%emt 0:00:24]} 22. Qxe5 {[%emt 0:00:05]} Qc6 {[%emt 0:00:29]} 23. f3 {[%emt 0:02:08]} b4 {[%emt 0:03:56]} 24. h4 {[%emt 0:02:40]} Qd7 {[%emt 0:01:43]} 25. Rac1 {[%emt 0:10:02]} Qg7 {[%emt 0:01:52]} 26. Qd6 {[%emt 0:01:29]} e5 {[%emt 0:00:33]} 27. cxb4 {[%emt 0:00:20]} Rf6 {[%emt 0:03:32]} 28. Qc5 {[%emt 0:00:27]} Rc8 {[%emt 0:01:31]} 29. Qb5 {[%emt 0:01:11]} Bc6 {[%emt 0:01:21]} 30. Qxa5 {[%emt 0:01:26]} Ra8 {[%emt 0:01:10]} 31. Qc5 {[%emt 0:02:00]} Qb7 {[%emt 0:02:00]} 32. e4 {[%emt 0:05:31]} Rxa2 {[%emt 0:01:34]} 33. exd5 {[%emt 0:00:10]} Bxd5 {[%emt 0:00:23]} 34. Rfd1 {[%emt 0:00:22]} Bxf3 {[%emt 0:01:05]} 35. gxf3 {[%emt 0:06:34]} Qxf3 {[%emt 0:00:08]} 36. Qd5+ {[%emt 0:00:06]} Qxd5 {[%emt 0:00:58]} 37. Rxd5 {[%emt 0:00:08]} Rxb2 {[%emt 0:00:50]} 38. b5 {[%emt 0:00:59]} Rb6 {[%emt 0:01:08]} 39. Ba4 {[%emt 0:05:34]} Rb4 {[%emt 0:00:31]} 40. Ra1 {[%emt 0:00:00]} Rb8 {[%emt 0:00:14]} 41. Rd6 {[%emt 0:01:08]} Rc8 {[%emt 0:00:38]} 42. Rb6 {[%emt 0:04:26]} c3 {[%emt 0:02:10]} 43. Rc6 {[%emt 0:00:30]} Ra8 {[%emt 0:00:26]} 44. Bb3+ {[%emt 0:00:08]} Rxb3 {[%emt 0:00:35]} 45. Rxa8+ {[%emt 0:00:08]} Kg7 {[%emt 0:00:10]} 46. b6 {[%emt 0:00:40]} e4 {[%emt 0:00:46]} 47. Ra7+ {[%emt 0:00:30]} Kh6 {[%emt 0:00:18]} 48. b7 {[%emt 0:00:58]} e3 {[%emt 0:00:25]} 49. Rxc3 {[%emt 0:00:42]} Rxc3 {[%emt 0:00:24]} 50. b8=Q {[%emt 0:00:06]} e2 {[%emt 0:00:22]} 51. Qf4+ {[%emt 0:00:07]} Kh5 {[%emt 0:00:17]} 52. Qg5# {[%emt 0:00:39]} 1-0

[Event "EYCC 2017"]
[Site "Mamaia"]
[Date "2017.09.06"]
[Round "2"]
[White "Sovina, Maria"]
[Black "Wikar, Martyna"]
[Result "1-0"]
[WhiteElo "1675"]
[BlackElo "1943"]
[Annotator "NA"]
[PlyCount "95"]
[EventDate "2017.??.??"]
[EventType "swiss"]
[EventCountry "ROU"]
[SourceTitle "playchess.com"]
[Source "ChessBase"]
[SourceQuality "1"]
[TimeControl "40/5400+30:1800+30"]

1. d4 {[%emt 0:00:00]} c5 {[%emt 0:00:18]} 2. d5 {[%emt 0:00:27]} d6 {[%emt 0:00:13]} 3. c4 {[%emt 0:00:33]} g6 {[%emt 0:00:24]} 4. Nc3 {[%emt 0:00:35]} Bg7 {[%emt 0:00:15]} 5. e4 {[%emt 0:00:33]} Nf6 {[%emt 0:01:28]} 6. Nf3 {[%emt 0:00:43]} O-O {[%emt 0:01:03]} 7. h3 {[%emt 0:01:12]} e6 {[%emt 0:06:45]} 8. Bd3 {[%emt 0:04:24]} exd5 {[%emt 0:00:38]} 9. exd5 {[%emt 0:00:12]} Re8+ {[%emt 0:01:04]} 10. Be3 {[%emt 0:00:11]} Bh6 {[%emt 0:11:45]} 11. Qd2 {[%emt 0:01:11]} Qe7 {[%emt 0:02:56]} 12. O-O-O {[%emt 0:00:51]} Bxe3 {[%emt 0:04:11]} 13. fxe3 {[%emt 0:00:32]} Na6 {[%emt 0:00:34]} 14. Rhe1 {[%emt 0:04:31]} Nb4 {[%emt 0:03:35]} 15. Bb1 {[%emt 0:06:27]} Bd7 {[%emt 0:05:15]} 16. a3 {[%emt 0:02:08]} Na6 {[%emt 0:04:07]} 17. e4 {[%emt 0:01:24]} Nh5 {[%emt 0:07:11]} 18. e5 {[%emt 0:06:41]} dxe5 {[%emt 0:03:20]} 19. Nxe5 {[%emt 0:18:23]} Qd6 {[%emt 0:01:55]} 20. Nxd7 {[%emt 0:01:43]} Qxd7 {[%emt 0:01:05]} 21. g4 {[%emt 0:01:50]} Nf6 {[%emt 0:03:20]} 22. Qf4 {[%emt 0:05:27]} Kg7 {[%emt 0:04:28]} 23. Rf1 {[%emt 0:01:15]} Qe7 {[%emt 0:01:15]} 24. Rf3 {[%emt 0:06:48]} Rad8 {[%emt 0:01:22]} 25. Rdf1 {[%emt 0:01:10]} Nd7 {[%emt 0:02:57]} 26. Qxf7+ {[%emt 0:02:19]} Qxf7 {[%emt 0:00:08]} 27. Rxf7+ {[%emt 0:00:04]} Kg8 {[%emt 0:00:31]} 28. Ne4 {[%emt 0:02:10]} Rf8 {[%emt 0:00:52]} 29. Rxf8+ {[%emt 0:01:01]} Rxf8 {[%emt 0:00:03]} 30. Rxf8+ {[%emt 0:00:24]} Kxf8 {[%emt 0:00:14]} 31. Nd6 {[%emt 0:03:19]} b6 {[%emt 0:01:31]} 32. Nc8 {[%emt 0:00:37]} Ne5 {[%emt 0:01:41]} 33. b3 {[%emt 0:00:21]} b5 {[%emt 0:05:15]} 34. cxb5 {[%emt 0:11:07]} Nc7 {[%emt 0:00:14]} 35. Nxa7 {[%emt 0:00:13]} Nxd5 {[%emt 0:00:11]} 36. Nc6 {[%emt 0:02:34]} Nd7 {[%emt 0:00:59]} 37. a4 {[%emt 0:01:56]} Nc7 {[%emt 0:05:38]} 38. Kd2 {[%emt 0:01:16]} Kf7 {[%emt 0:00:29]} 39. Bd3 {[%emt 0:01:28]} h5 {[%emt 0:00:16]} 40. gxh5 {[%emt 0:00:00]} gxh5 {[%emt 0:00:03]} 41. Bf5 {[%emt 0:03:49]} Nb6 {[%emt 0:03:10]} 42. a5 {[%emt 0:01:13]} Nbd5 {[%emt 0:01:11]} 43. b6 {[%emt 0:00:37]} Na6 {[%emt 0:00:11]} 44. Bd3 {[%emt 0:02:41]} Ndb4 {[%emt 0:02:34]} 45. Nxb4 {[%emt 0:00:31]} Nxb4 {[%emt 0:00:02]} 46. b7 {[%emt 0:00:09]} Nc6 {[%emt 0:00:06]} 47. a6 {[%emt 0:00:11]} Ke7 {[%emt 0:00:09]} 48. a7 {[%emt 0:00:10]} 1-0